[Event "4NCL Division 2a"]
[Site "Telford, ENG"]
[Date "2019.02.10"]
[Round "6.14"]
[White "House, Glenn L"]
[Black "Wheeler, Darren P"]
[Result "1/2-1/2"]
[WhiteElo "2211"]
[BlackElo "2260"]
[PlyCount "66"]
[EventDate "2019.02.10"]
[WhiteTeam "Spirit of Atticus A"]
[BlackTeam "The ADs"]

1. e4 e6 2. d3 d5 3. Nd2 Nf6 4. g3 b6 5. Bg2 Bb7 6. Ngf3 c5 7. O-O Nc6 8. Re1
Be7 9. e5 Nd7 10. c4 d4 11. h4 Qc7 12. a3 O-O-O 13. Ne4 Ndxe5 14. Nxe5 Nxe5 15.
Bf4 f6 16. Bxe5 fxe5 17. Qg4 Kb8 18. b4 cxb4 19. Rec1 b3 20. Rcb1 h5 21. Qe2 g5
22. hxg5 h4 23. Rxb3 Rdg8 24. c5 hxg3 25. cxb6 gxf2+ 26. Kxf2 axb6 27. Rab1 Ka7
28. Rxb6 Qxb6 29. Rxb6 Kxb6 30. Qb2+ Kc7 31. Qb5 Bd5 32. Qa5+ Kb7 33. Qb5+ Kc7
1/2-1/2

[Event "4NCL Division 2a"]
[Site "Telford, ENG"]
[Date "2019.02.10"]
[Round "6.15"]
[White "Duggan, John E"]
[Black "Ivell, Nicholas W"]
[Result "1/2-1/2"]
[WhiteElo "2222"]
[BlackElo "2219"]
[PlyCount "77"]
[EventDate "2019.02.10"]
[WhiteTeam "The ADs"]
[BlackTeam "Spirit of Atticus A"]

1. d4 d5 2. Nf3 e6 3. c4 c5 4. cxd5 exd5 5. Nc3 Nc6 6. g3 Nf6 7. Bg2 Be7 8. O-O
O-O 9. Bg5 c4 10. h3 h6 11. Be3 Be6 12. Ne5 Qa5 13. Qd2 Rad8 14. Nxc6 bxc6 15.
g4 Rfe8 16. f4 Qc7 17. f5 Bc8 18. Bf4 Bd6 19. Rae1 Bxf4 20. Rxf4 c5 21. e3 cxd4
22. Rxd4 Qg3 23. Qf2 Qe5 24. Red1 Qxe3 25. Nxd5 Nxd5 26. Qxe3 Rxe3 27. Bxd5 Rf8
28. Rxc4 Rxh3 29. Kg2 Re3 30. Rd2 h5 31. gxh5 Bxf5 32. Rc7 Re5 33. Bc4 Be6 34.
Be2 Bxa2 35. Rxa7 Be6 36. b4 Re8 37. Kf3 Rf5+ 38. Kg3 Re5 39. Kf2 1/2-1/2

[Event "4NCL Division 2a"]
[Site "Telford, ENG"]
[Date "2019.02.10"]
[Round "6.16"]
[White "Jackson, Sheila"]
[Black "Snape, Ian L"]
[Result "1/2-1/2"]
[WhiteElo "2058"]
[BlackElo "2170"]
[PlyCount "108"]
[EventDate "2019.02.10"]
[WhiteTeam "Spirit of Atticus A"]
[BlackTeam "The ADs"]

1. Nf3 Nf6 2. c4 c6 3. Nc3 d5 4. cxd5 cxd5 5. d4 Nc6 6. Bf4 a6 7. e3 Bg4 8. Be2
Bxf3 9. Bxf3 e6 10. O-O Bd6 11. Bxd6 Qxd6 12. Rc1 O-O 13. a3 Rfd8 14. Na4 Na5
15. b4 Nc4 16. Nc5 Qb6 17. Qd3 Nd6 18. Rb1 Qb5 19. Be2 Nfe4 20. Rfc1 Qxd3 21.
Bxd3 Nd2 22. Rb2 N2c4 23. Rb3 b6 24. Na4 b5 25. Nc5 a5 26. a4 Nd2 27. Rb2 N6c4
28. Bxc4 Nxc4 29. Rbb1 bxa4 30. Nxa4 axb4 31. Rxb4 g6 32. g3 Rdb8 33. Rcb1 Rxb4
34. Rxb4 Nd2 35. Kg2 h5 36. h4 Kg7 37. f3 Ra7 38. Kf2 Rc7 39. Nc5 Nc4 40. Rb7
Rxb7 41. Nxb7 Kf8 42. Nc5 Ke7 43. Nd3 f6 44. Nf4 Kf7 45. e4 dxe4 46. fxe4 e5
47. dxe5 Nxe5 48. Ke3 Nc6 49. Kd3 Ne5+ 50. Kd4 Ng4 51. Kd5 Ne3+ 52. Kd6 Nf1 53.
Ne2 Nd2 54. Kd5 Nf1 1/2-1/2

[Event "4NCL Division 2a"]
[Site "Telford, ENG"]
[Date "2019.02.10"]
[Round "6.17"]
[White "Ahluwalia, Amardip"]
[Black "Ackley, Peter J E"]
[Result "1/2-1/2"]
[WhiteElo "2132"]
[BlackElo "2017"]
[PlyCount "91"]
[EventDate "2019.02.10"]
[WhiteTeam "The ADs"]
[BlackTeam "Spirit of Atticus A"]

1. e4 d6 2. d4 Nf6 3. Nc3 c6 4. Be3 Nbd7 5. Nf3 e5 6. a4 g6 7. Bc4 Bg7 8. O-O
O-O 9. Qe1 Qc7 10. Ba2 b6 11. h3 a6 12. Qd2 Bb7 13. Bh6 Rfe8 14. Qg5 Kh8 15.
Rad1 Bxh6 16. Qxh6 Ng8 17. Qh4 h6 18. Qg3 Ngf6 19. Nh4 Nh5 20. Qe3 Kg7 21. Ne2
b5 22. Ng3 Nxg3 23. Qxg3 Nf6 24. c3 Rad8 25. Nf5+ Kh7 26. Qh4 Ng8 27. Ng3 Kg7
28. Rd3 Qe7 29. Qg4 Kh7 30. Qe2 Nf6 31. dxe5 dxe5 32. Rfd1 Rxd3 33. Qxd3 Kg7
34. axb5 axb5 35. f3 Rc8 36. b4 Rc7 37. Qd6 Kf8 38. Bb3 Qxd6 39. Rxd6 Ke7 40.
Rd2 Bc8 41. Kf2 Be6 42. Bxe6 Kxe6 43. Ra2 Nd7 44. Ra5 Nf8 45. Ra2 Nd7 46. Ra5
1/2-1/2

[Event "4NCL Division 2a"]
[Site "Telford, ENG"]
[Date "2019.02.10"]
[Round "6.18"]
[White "Phillips, David A"]
[Black "Hylands, Liam M"]
[Result "1/2-1/2"]
[WhiteElo "2031"]
[BlackElo "2080"]
[PlyCount "65"]
[EventDate "2019.02.10"]
[WhiteTeam "Spirit of Atticus A"]
[BlackTeam "The ADs"]

1. Nf3 c5 2. g3 b6 3. Bg2 Bb7 4. c4 g6 5. Nc3 Bg7 6. b3 Nc6 7. Bb2 Nh6 8. O-O
Nf5 9. e3 O-O 10. a3 e6 11. Qc2 Qe7 12. d3 d6 13. Ne2 Ne5 14. Nd2 Bxg2 15. Kxg2
Qg5 16. Kh1 Qh6 17. Bxe5 Bxe5 18. Rad1 g5 19. d4 cxd4 20. exd4 Bxd4 21. Nxd4
Nxd4 22. Qc3 e5 23. Nf3 Nxf3 24. Qxf3 Qe6 25. Rd5 Rad8 26. Rfd1 f5 27. b4 f4
28. c5 g4 29. Qe2 fxg3 30. fxg3 bxc5 31. bxc5 Rf3 32. Rxd6 Rxd6 33. cxd6
1/2-1/2

[Event "4NCL Division 2a"]
[Site "Telford, ENG"]
[Date "2019.02.10"]
[Round "6.21"]
[White "Polaczek, Richard"]
[Black "Plueg, Andreas"]
[Result "1-0"]
[WhiteElo "2379"]
[BlackElo "2297"]
[PlyCount "58"]
[EventDate "2019.02.10"]
[WhiteTeam "Manchester Manticores 1"]
[BlackTeam "Anglian Avengers"]

1. d4 d5 2. Nf3 Nf6 3. c4 e6 4. Nc3 Be7 5. Bg5 h6 6. Bh4 O-O 7. e3 Nbd7 8. Rc1
c5 9. cxd5 Nxd5 10. Bxe7 Nxe7 11. Be2 Qb6 12. O-O Qxb2 13. dxc5 Nc6 14. Nd4
Nxc5 15. Nxc6 bxc6 16. Qd4 Nd7 17. Rfd1 Qb6 18. Qd6 c5 19. Qe7 Rb8 20. Ne4 Ne5
21. Qxc5 Qxc5 22. Rxc5 Rb2 23. Bf1 Ng4 24. h3 Nf6 25. Nd6 Bb7 26. Rc7 Bd5 27.
a3 Rb3 28. Nc8 Rb2 29. Ne7+ Kh7 1-0

[Event "4NCL Division 2a"]
[Site "Telford, ENG"]
[Date "2019.02.10"]
[Round "6.22"]
[White "Lewis, Andrew P"]
[Black "Jayawarna, Nugith"]
[Result "1-0"]
[WhiteElo "2320"]
[BlackElo "2237"]
[PlyCount "69"]
[EventDate "2019.02.10"]
[WhiteTeam "Anglian Avengers"]
[BlackTeam "Manchester Manticores 1"]

1. c4 c5 2. Nf3 Nc6 3. d4 cxd4 4. Nxd4 g6 5. e4 Bg7 6. Nc2 Nf6 7. Nc3 O-O 8.
Be2 d6 9. O-O Be6 10. Be3 Rc8 11. Qd2 a6 12. f3 Nd7 13. Rac1 Na5 14. b3 b5 15.
Nd4 bxc4 16. Nxe6 fxe6 17. b4 Nb7 18. Na4 Ne5 19. f4 Nd3 20. Bxd3 cxd3 21. Qxd3
Rxc1 22. Rxc1 Qd7 23. Qxa6 Rc8 24. Rxc8+ Qxc8 25. Qd3 Qc6 26. Nb6 Qc3 27. Qxc3
Bxc3 28. a3 Kf7 29. Kf1 Ke8 30. Ke2 Bb2 31. a4 Bc3 32. a5 Nd8 33. a6 Nc6 34. b5
Nd4+ 35. Bxd4 1-0

[Event "4NCL Division 2a"]
[Site "Telford, ENG"]
[Date "2019.02.10"]
[Round "6.23"]
[White "Mazek, Marek"]
[Black "Talsma, Paul"]
[Result "0-1"]
[WhiteElo "2117"]
[BlackElo "2184"]
[PlyCount "96"]
[EventDate "2019.02.10"]
[WhiteTeam "Manchester Manticores 1"]
[BlackTeam "Anglian Avengers"]

1. d4 Nf6 2. c4 c5 3. d5 b5 4. cxb5 a6 5. bxa6 g6 6. Nc3 Bg7 7. Nf3 d6 8. g3
O-O 9. Bg2 Bf5 10. Nh4 Bd7 11. O-O Nxa6 12. Bd2 Qa5 13. b3 Rfb8 14. a4 Qc7 15.
Rc1 Rb7 16. Na2 Qb8 17. Rb1 Nc7 18. Nc3 Ra6 19. e4 Nfe8 20. f4 Rab6 21. e5 Rxb3
22. Rxb3 Rxb3 23. Re1 c4 24. Qc2 Bxa4 25. Nxa4 Qa7+ 26. Kh1 Qxa4 27. e6 f5 28.
g4 Qb5 29. gxf5 Rb2 30. Qd1 c3 31. Bc1 Rb1 32. fxg6 h6 33. Nf5 Kf8 34. Nxg7
Kxg7 35. f5 Rxc1 36. Qxc1 Nxd5 37. Qb1 Qc4 38. Qb8 Nef6 39. Qb7 Qd4 40. Bxd5
Nxd5 41. Qa8 Qf2 42. f6+ Nxf6 43. Rc1 Qd2 44. Rf1 Qd5+ 45. Qxd5 Nxd5 46. Rg1
Nb4 47. Rc1 c2 48. Kg2 Nd3 0-1

[Event "4NCL Division 2a"]
[Site "Telford, ENG"]
[Date "2019.02.10"]
[Round "6.24"]
[White "Walker, Martin G"]
[Black "Peacock, Malcolm R"]
[Result "1-0"]
[WhiteElo "2142"]
[BlackElo "2087"]
[PlyCount "147"]
[EventDate "2019.02.10"]
[WhiteTeam "Anglian Avengers"]
[BlackTeam "Manchester Manticores 1"]

1. e4 e6 2. d4 d5 3. Nd2 Nf6 4. e5 Nfd7 5. Bd3 c5 6. c3 Nc6 7. Ne2 cxd4 8. cxd4
f6 9. Nf4 Nxd4 10. Qh5+ Ke7 11. exf6+ Nxf6 12. Ng6+ hxg6 13. Qxh8 Kf7 14. Qh4
e5 15. Nf3 Nxf3+ 16. gxf3 Bf5 17. Bxf5 gxf5 18. Bg5 Qa5+ 19. Kf1 Bd6 20. Rg1 d4
21. Bxf6 Qb5+ 22. Kg2 gxf6 23. Kh1 Qd5 24. Qh5+ Ke6 25. Rg7 Rf8 26. Rc1 Qb5 27.
Kg2 Qe8 28. Qxe8+ Rxe8 29. h4 e4 30. h5 Rh8 31. Rh1 Bf4 32. Re1 d3 33. fxe4 d2
34. exf5+ Kxf5 35. Rd1 Ke4 36. Rg4 Rxh5 37. Rxd2 Kf5 38. Rxf4+ Kxf4 39. Rd4+
Ke5 40. Rd7 Kf4 41. Rd4+ Ke5 42. Rd7 b5 43. Rxa7 Kd4 44. Rc7 Kd3 45. Rc3+ Ke2
46. Re3+ Kd2 47. Rf3 Kc2 48. b4 Rh4 49. a3 Kb2 50. Kg3 Rc4 51. Rf5 Kxa3 52.
Rxb5 Rxb4 53. Ra5+ Kb3 54. Ra6 Kc4 55. Rxf6 Kd5 56. f4 Ra4 57. Kg4 Rb4 58. Kf5
Ra4 59. Rf8 Kd6 60. Kg6 Ra1 61. f5 Rg1+ 62. Kf6 Rf1 63. Rh8 Kd7 64. Kg7 Ke7 65.
f6+ Ke6 66. Re8+ Kf5 67. f7 Rg1+ 68. Kf8 Kf6 69. Re2 Rd1 70. Rf2+ Ke6 71. Kg7
Rg1+ 72. Kh6 Rh1+ 73. Kg5 Rg1+ 74. Kh4 1-0

[Event "4NCL Division 2a"]
[Site "Telford, ENG"]
[Date "2019.02.10"]
[Round "6.25"]
[White "Hamer, Martyn"]
[Black "Peck, Silas"]
[Result "1-0"]
[WhiteElo "2132"]
[BlackElo "2065"]
[PlyCount "113"]
[EventDate "2019.02.10"]
[WhiteTeam "Manchester Manticores 1"]
[BlackTeam "Anglian Avengers"]

1. d4 d5 2. c4 e6 3. Nf3 Nf6 4. Nc3 Be7 5. Bf4 O-O 6. e3 c6 7. Bd3 dxc4 8. Bxc4
Nd5 9. Bg3 Nxc3 10. bxc3 c5 11. O-O Nc6 12. Rc1 cxd4 13. cxd4 Bd6 14. Bd3 Bxg3
15. hxg3 Qf6 16. Be4 Bd7 17. Rc5 Rac8 18. Qb1 g6 19. Qxb7 Nb8 20. Rfc1 Rcd8 21.
Qxa7 Qe7 22. Ne5 Qd6 23. Rc7 Be8 24. Rb7 Qa6 25. Bd3 Qxa7 26. Rxa7 Kg7 27. Rcc7
Rd6 28. a4 Nc6 29. Nxc6 Rxc6 30. Bb5 Rxc7 31. Rxc7 Bxb5 32. axb5 Rb8 33. Rc5
Kf6 34. Kf1 Ke7 35. Ke2 Kd6 36. Kd3 f6 37. Kc4 Rb6 38. f4 f5 39. Rc8 Rb7 40.
Rc6+ Kd7 41. Kc5 Ke7 42. b6 Kd7 43. Kb5 h6 44. Rc1 Rb8 45. Rc7+ Kd6 46. Rh7 h5
47. b7 Kd5 48. Kb6 Ke4 49. Kc7 Re8 50. b8=Q Rxb8 51. Kxb8 Kxe3 52. Rg7 Kxd4 53.
Rxg6 e5 54. fxe5 Kxe5 55. Rg5 Kf6 56. Rxh5 Kg6 57. Rh4 1-0

[Event "4NCL Division 2a"]
[Site "Telford, ENG"]
[Date "2019.02.10"]
[Round "6.26"]
[White "Sheerin, Alex"]
[Black "Kay, Lee P"]
[Result "0-1"]
[WhiteElo "2027"]
[BlackElo "2087"]
[PlyCount "50"]
[EventDate "2019.02.10"]
[WhiteTeam "Anglian Avengers"]
[BlackTeam "Manchester Manticores 1"]

1. d4 e6 2. Nf3 f5 3. g3 Nf6 4. Bg2 Be7 5. O-O O-O 6. c4 d6 7. Nc3 Ne4 8. Qc2
Nxc3 9. bxc3 Nc6 10. e4 e5 11. d5 Na5 12. c5 Qe8 13. c4 b6 14. c6 Qh5 15. Ba3
f4 16. Bb4 Bg5 17. Nd2 f3 18. Bh1 Rf6 19. Rfb1 Rh6 20. Nf1 Bh3 21. Nd2 Bg2 22.
Bxg2 Qxh2+ 23. Kf1 Qxg2+ 24. Ke1 Rh1+ 25. Nf1 Rxf1# 0-1

[Event "4NCL Division 2a"]
[Site "Telford, ENG"]
[Date "2019.02.10"]
[Round "6.27"]
[White "Rahulan, Thivyaa"]
[Black "Myall, Ivan J"]
[Result "0-1"]
[WhiteElo "1975"]
[BlackElo "2042"]
[PlyCount "50"]
[EventDate "2019.02.10"]
[WhiteTeam "Manchester Manticores 1"]
[BlackTeam "Anglian Avengers"]

1. e4 e5 2. Nf3 Nc6 3. Bc4 Bc5 4. d3 Nf6 5. O-O d6 6. c3 a6 7. Bb3 h6 8. Re1
Bg4 9. Nbd2 Qd7 10. Nf1 O-O-O 11. Be3 Bxe3 12. Nxe3 Be6 13. Qc2 g5 14. Nd5 Bxd5
15. Bxd5 Nxd5 16. exd5 Ne7 17. c4 Nf5 18. b4 g4 19. Nd2 Nd4 20. Qc3 Rdg8 21.
Nb3 Nf3+ 22. Kh1 Qf5 23. Re3 Qh5 24. gxf3 gxf3 25. Nd2 Qh3 0-1

[Event "4NCL Division 2a"]
[Site "Telford, ENG"]
[Date "2019.02.10"]
[Round "6.28"]
[White "Cocks, Elliot"]
[Black "Niedbal, Piotr"]
[Result "1-0"]
[WhiteElo "2080"]
[BlackElo "2020"]
[PlyCount "97"]
[EventDate "2019.02.10"]
[WhiteTeam "Anglian Avengers"]
[BlackTeam "Manchester Manticores 1"]

1. c4 Nf6 2. Nc3 g6 3. e4 d6 4. d4 Bg7 5. Be2 O-O 6. Nf3 e5 7. O-O Nc6 8. d5
Ne7 9. Ne1 Nd7 10. Be3 f5 11. f3 f4 12. Bf2 g5 13. Rc1 Rf6 14. Nd3 Rh6 15. c5
Qe8 16. Nb5 Qh5 17. h4 Ng6 18. g4 fxg3 19. Bxg3 Nf4 20. Kh1 Nf8 21. Rf2 Nh3 22.
Rg2 Ng6 23. f4 g4 24. f5 Nxh4 25. Bxg4 Qg5 26. Bxh3 Nxg2 27. Kxg2 Qe3 28. Nf2
dxc5 29. Rc3 Qg5 30. Nxc7 Rb8 31. Ne6 Bxe6 32. dxe6 Rf6 33. Qd5 Rff8 34. e7+
Rf7 35. f6 Qxf6 36. Be6 Qxe7 37. Bxf7+ Qxf7 38. Rxc5 Qxd5 39. Rxd5 Rc8 40. Nd3
Rc2+ 41. Kf3 h5 42. Rd8+ Kh7 43. Rd7 Kg6 44. Nxe5+ Bxe5 45. Bxe5 h4 46. Rxb7 h3
47. Rg7+ Kh5 48. Rxa7 h2 49. Rh7+ 1-0

[Event "4NCL Division 2a"]
[Site "Telford, ENG"]
[Date "2019.02.10"]
[Round "6.31"]
[White "Harakis, Alexis M"]
[Black "Pitcher, John"]
[Result "1-0"]
[WhiteElo "2280"]
[BlackElo "2269"]
[PlyCount "83"]
[EventDate "2019.02.10"]
[WhiteTeam "KJCA Kings"]
[BlackTeam "Warwickshire Select 1"]

1. d4 d5 2. c4 c6 3. Nc3 Nf6 4. e3 a6 5. b3 b5 6. Bd3 Bg4 7. f3 Bh5 8. Nge2 Bg6
9. O-O e6 10. Qc2 bxc4 11. bxc4 dxc4 12. Bxg6 hxg6 13. e4 c5 14. d5 exd5 15.
exd5 Bd6 16. Bf4 Bxf4 17. Nxf4 O-O 18. Rad1 Qd6 19. Nfe2 Nbd7 20. Ng3 Rab8 21.
Nce4 Qf4 22. Qxc4 Qe3+ 23. Kh1 Nb6 24. Nxf6+ gxf6 25. Qxa6 f5 26. Rfe1 Qf4 27.
d6 Rfd8 28. Qa7 Qa4 29. Qe7 Re8 30. Qg5 Rxe1+ 31. Rxe1 Qd7 32. h4 Nd5 33. h5
Qxd6 34. Nxf5 Qd8 35. Nh6+ Kg7 36. Nf5+ Kg8 37. Qg3 Kh7 38. hxg6+ fxg6 39. Re4
Rb1+ 40. Kh2 Qb8 41. Rh4+ Kg8 42. Nd6 1-0

[Event "4NCL Division 2a"]
[Site "Telford, ENG"]
[Date "2019.02.10"]
[Round "6.32"]
[White "Hanley, James L"]
[Black "Hand, Freddie"]
[Result "0-1"]
[WhiteElo "2199"]
[BlackElo "2154"]
[PlyCount "112"]
[EventDate "2019.02.10"]
[WhiteTeam "Warwickshire Select 1"]
[BlackTeam "KJCA Kings"]

1. e4 e5 2. Nf3 Nc6 3. Bb5 a6 4. Ba4 Nf6 5. O-O Be7 6. Re1 b5 7. Bb3 d6 8. c3
O-O 9. h3 Nb8 10. d4 Nbd7 11. Nbd2 c5 12. Nf1 Re8 13. Ng3 Bf8 14. Ng5 c4 15.
Bc2 Bb7 16. f4 Qc7 17. Nf3 a5 18. Kh1 b4 19. fxe5 dxe5 20. d5 bxc3 21. bxc3 Nc5
22. Bg5 Nfd7 23. Nf5 g6 24. Nh6+ Bxh6 25. Bxh6 Ba6 26. Rf1 f6 27. Nh2 Qd6 28.
Ng4 Rab8 29. Ne3 Kh8 30. Qg4 Rg8 31. Qh4 Nd3 32. Rf3 Rb6 33. Raf1 g5 34. Qg4
Nf4 35. g3 Ng6 36. Nf5 Qc7 37. d6 Qc6 38. Rd1 Bc8 39. Qh5 Rb2 40. Ne7 Nxe7 41.
dxe7 Qe6 42. Ba4 Qxe7 43. Bc6 Nc5 44. Rdf1 Bxh3 45. Rxf6 Bg2+ 46. Kg1 Nd3 47.
Rf7 Qc5+ 48. R1f2 Bf3 49. Rxh7+ Kxh7 50. Qf7+ Kxh6 51. Qf6+ Kh7 52. Qf7+ Kh6
53. Qf6+ Kh7 54. Qf7+ Rg7 55. Qf5+ Rg6 56. Qh3+ Bh5 0-1

[Event "4NCL Division 2a"]
[Site "Telford, ENG"]
[Date "2019.02.10"]
[Round "6.33"]
[White "Ratnesan, Ranesh"]
[Black "Shephard, Chris C W"]
[Result "0-1"]
[WhiteElo "2115"]
[BlackElo "2176"]
[PlyCount "100"]
[EventDate "2019.02.10"]
[WhiteTeam "KJCA Kings"]
[BlackTeam "Warwickshire Select 1"]

1. d4 Nf6 2. c4 c5 3. d5 e5 4. Nc3 d6 5. e4 g6 6. Be2 Bg7 7. h4 h5 8. Bg5 Nbd7
9. Qd2 a6 10. f3 Qe7 11. Nh3 Qf8 12. O-O-O Nh7 13. Be3 Qe7 14. g4 Ndf6 15. Nf2
Rb8 16. Rhg1 Qc7 17. Nh1 b6 18. Rdf1 Rb7 19. Rf2 Qe7 20. Kb1 Qd8 21. Qd3 Qc7
22. Ka1 Qd8 23. Bd1 Qc7 24. g5 Nd7 25. Ba4 O-O 26. Ng3 Rd8 27. a3 Ndf8 28. Rb1
Bd7 29. b4 Bxa4 30. Nxa4 b5 31. cxb5 axb5 32. Nxc5 dxc5 33. bxc5 Ra8 34. c6
Rbb8 35. Qc3 Ra4 36. Bc5 Rc4 37. Qe3 Nd7 38. Bb4 Nb6 39. Ba5 Ra4 40. Rxb5 Rxa5
41. Rxa5 Nc4 42. Ra7 Qd6 43. Qe2 Qc5 44. Ra4 Nxa3 45. Qd2 Bf8 46. Rg2 Rb1+ 47.
Ka2 Qb5 48. Rxa3 Bxa3 49. Qc3 Bf8 50. c7 Rd1 0-1

[Event "4NCL Division 2a"]
[Site "Telford, ENG"]
[Date "2019.02.10"]
[Round "6.34"]
[White "Brooks, Phil J"]
[Black "Royal, Shreyas"]
[Result "1-0"]
[WhiteElo "2176"]
[BlackElo "1929"]
[PlyCount "63"]
[EventDate "2019.02.10"]
[WhiteTeam "Warwickshire Select 1"]
[BlackTeam "KJCA Kings"]

1. d4 Nf6 2. c4 g6 3. Nc3 Bg7 4. e4 d6 5. Nge2 a6 6. Ng3 c6 7. Be2 b5 8. O-O h5
9. e5 Ng4 10. h3 dxe5 11. d5 b4 12. hxg4 h4 13. Nge4 bxc3 14. Nxc3 h3 15. g3
Ra7 16. Bf3 Rd7 17. Qe2 Bb7 18. Kh2 cxd5 19. cxd5 O-O 20. Rd1 f5 21. gxf5 gxf5
22. Bg5 Rd6 23. Bh5 Nd7 24. Rac1 Nb6 25. Kxh3 Nxd5 26. Nxd5 Bxd5 27. Rxd5 Rxd5
28. Bg6 Qd6 29. Qh5 Rd8 30. Qh7+ Kf8 31. Bh6 Qf6 32. Qh8# 1-0

[Event "4NCL Division 2a"]
[Site "Telford, ENG"]
[Date "2019.02.10"]
[Round "6.35"]
[White "Young, Daniel J"]
[Black "Mason, Donald J"]
[Result "1/2-1/2"]
[WhiteElo "1972"]
[BlackElo "2074"]
[PlyCount "61"]
[EventDate "2019.02.10"]
[WhiteTeam "KJCA Kings"]
[BlackTeam "Warwickshire Select 1"]

1. e4 e6 2. d4 d5 3. Nc3 Bb4 4. e5 c5 5. a3 Bxc3+ 6. bxc3 Ne7 7. Qg4 O-O 8. Bd3
f5 9. exf6 Rxf6 10. Bg5 Rf7 11. Qh5 g6 12. Qd1 Nbc6 13. Nf3 Qc7 14. O-O e5 15.
Nxe5 Nxe5 16. dxe5 c4 17. Be2 Qxe5 18. Qd2 Bf5 19. f4 Qd6 20. Bf3 Qc5+ 21. Kh1
Be4 22. Bxe4 dxe4 23. Rfe1 Nf5 24. Rxe4 h6 25. Re5 Qf8 26. g4 hxg5 27. gxf5
Rxf5 28. Qd5+ Qf7 29. Rxf5 gxf5 30. Qxf7+ Kxf7 31. Rb1 1/2-1/2

[Event "4NCL Division 2a"]
[Site "Telford, ENG"]
[Date "2019.02.10"]
[Round "6.36"]
[White "Fallowfield, Jeremy R"]
[Black "Yoon, Jacob D"]
[Result "1-0"]
[WhiteElo "2129"]
[BlackElo "1975"]
[PlyCount "79"]
[EventDate "2019.02.10"]
[WhiteTeam "Warwickshire Select 1"]
[BlackTeam "KJCA Kings"]

1. e4 c5 2. Nf3 a6 3. c4 e6 4. d4 cxd4 5. Nxd4 Nf6 6. Nc3 Qc7 7. a3 b6 8. Be3
Bb7 9. f3 d6 10. Be2 Nbd7 11. O-O Be7 12. Rc1 Rc8 13. Qd2 O-O 14. Rfd1 Rfd8 15.
Bf1 Qb8 16. b4 Qa8 17. Qf2 Bf8 18. Nb3 d5 19. cxd5 exd5 20. e5 Nxe5 21. Bxb6
Re8 22. Bd4 Nfd7 23. Na5 Bd6 24. Qa2 Nf6 25. Na4 Qb8 26. Nxb7 Rxc1 27. Rxc1
Qxb7 28. Nc5 Qc8 29. Qc2 Qd8 30. Nb7 Qe7 31. Nxd6 Qxd6 32. Qc7 Qxc7 33. Rxc7
Nc4 34. a4 Rb8 35. Ba7 Re8 36. b5 axb5 37. axb5 h6 38. b6 Ne5 39. b7 Ned7 40.
Bb5 1-0

[Event "4NCL Division 2a"]
[Site "Telford, ENG"]
[Date "2019.02.10"]
[Round "6.37"]
[White "Ng, Chung Lok Andrew"]
[Black "Page, Mark E"]
[Result "1-0"]
[WhiteElo "1938"]
[BlackElo "2126"]
[PlyCount "73"]
[EventDate "2019.02.10"]
[WhiteTeam "KJCA Kings"]
[BlackTeam "Warwickshire Select 1"]

1. d4 Nf6 2. c4 g6 3. Nc3 Bg7 4. Nf3 d6 5. g3 O-O 6. Bg2 Nc6 7. O-O Bf5 8. Re1
Qc8 9. b3 e5 10. d5 Ne7 11. e4 Bg4 12. Qc2 b6 13. Be3 h6 14. b4 a5 15. a3 axb4
16. axb4 Rxa1 17. Rxa1 Bxf3 18. Bxf3 Nd7 19. Nb5 Qb8 20. Ra7 f5 21. exf5 Nxf5
22. Bg4 Kh7 23. Bxf5 Rxf5 24. Rxc7 Nf6 25. h3 Ne8 26. Rc6 Qd8 27. Bxb6 Qe7 28.
Nc7 Nf6 29. Ne6 e4 30. Nxg7 Kxg7 31. Rc7 Nd7 32. Bd4+ Kh7 33. Qa4 Rf7 34. Qa7
g5 35. c5 e3 36. Bxe3 dxc5 37. bxc5 1-0

[Event "4NCL Division 2a"]
[Site "Telford, ENG"]
[Date "2019.02.10"]
[Round "6.38"]
[White "Patel, Devan"]
[Black "Anilkumar, Anantha P"]
[Result "0-1"]
[WhiteElo "1892"]
[BlackElo "1892"]
[PlyCount "92"]
[EventDate "2019.02.10"]
[WhiteTeam "Warwickshire Select 1"]
[BlackTeam "KJCA Kings"]

1. d4 Nf6 2. Nf3 g6 3. g3 Bg7 4. Bg2 O-O 5. b3 d5 6. Bb2 c5 7. e3 Bg4 8. O-O
Na6 9. Nbd2 Ne4 10. h3 Nxd2 11. Qxd2 Bxf3 12. Bxf3 Qd7 13. Bg2 Rac8 14. Rac1
Rfd8 15. Rfd1 b6 16. Qe2 c4 17. c3 Qc7 18. f4 b5 19. b4 Qb6 20. Qc2 Nc7 21. a4
a6 22. Ra1 Ra8 23. Ra2 e6 24. Rda1 Bf8 25. axb5 axb5 26. Qb1 Qc6 27. Ra5 Rxa5
28. Rxa5 Ra8 29. Qa1 Rxa5 30. Qxa5 Qa8 31. Qxa8 Nxa8 32. e4 Nb6 33. exd5 Nxd5
34. Bxd5 exd5 35. Kf2 f5 36. g4 fxg4 37. hxg4 h5 38. Kg3 Kf7 39. Bc1 Be7 40. g5
Ke6 41. Be3 Kf5 42. Kf3 Bd6 43. Kg3 h4+ 44. Kh3 Bxf4 45. Bxf4 Kxf4 46. Kxh4 Kf5
0-1

[Event "4NCL Division 2a"]
[Site "Telford, ENG"]
[Date "2019.02.10"]
[Round "6.41"]
[White "Bak, Christopher"]
[Black "Meszaros, Gyula"]
[Result "0-1"]
[WhiteElo "2033"]
[BlackElo "2276"]
[PlyCount "74"]
[EventDate "2019.02.10"]
[WhiteTeam "Bradford DCA Knights A"]
[BlackTeam "Barnet Knights 1"]

1. e4 e6 2. d4 d5 3. Nd2 Be7 4. Bd3 dxe4 5. Nxe4 Nf6 6. Nxf6+ Bxf6 7. Nf3 Bd7
8. O-O Bc6 9. c3 O-O 10. Re1 Bxf3 11. Qxf3 c6 12. Bf4 Nd7 13. b4 Nb6 14. Be5
Nd5 15. Bc2 g6 16. Rab1 Bxe5 17. dxe5 b5 18. Re4 a5 19. a3 axb4 20. cxb4 Qg5
21. Rd1 Ra7 22. h4 Qh6 23. Rd3 Rfa8 24. Bd1 Qc1 25. h5 Rxa3 26. Red4 Rxd3 27.
Rxd3 Qg5 28. Ra3 Rxa3 29. Qxa3 Qxe5 30. h6 Qe1+ 31. Kh2 Qxb4 32. Qa8+ Qf8 33.
Qxc6 Qxh6+ 34. Kg1 Qd2 35. Bb3 b4 36. g3 h5 37. Qb5 Qd4 0-1

[Event "4NCL Division 2a"]
[Site "Telford, ENG"]
[Date "2019.02.10"]
[Round "6.42"]
[White "Rocco, Federico"]
[Black "Eagleton, Greg T"]
[Result "1-0"]
[WhiteElo "2282"]
[BlackElo "2078"]
[PlyCount "74"]
[EventDate "2019.02.10"]
[WhiteTeam "Barnet Knights 1"]
[BlackTeam "Bradford DCA Knights A"]

1. e4 c5 2. Nf3 d6 3. d4 cxd4 4. Nxd4 Nf6 5. Nc3 a6 6. h3 h5 7. Bg5 e5 8. Nde2
Be7 9. g3 Nbd7 10. Bg2 b5 11. a3 Bb7 12. Be3 Qc7 13. O-O O-O 14. Nd5 Bxd5 15.
exd5 Rac8 16. Rc1 Rfe8 17. Qd2 Nc5 18. Nc3 Qb8 19. Na2 Bd8 20. Nb4 Ba5 21. Qe2
Bxb4 22. axb4 Na4 23. Bg5 Nh7 24. Be3 Nxb2 25. Qxh5 Nc4 26. h4 Rc7 27. Bg5 Nxg5
28. hxg5 e4 29. Rfe1 Rce7 30. Bh3 g6 31. Qh6 e3 32. f4 e2 33. f5 Qa7+ 34. Kh1
gxf5 35. Bxf5 Qd4 36. Bh7+ Kh8 37. Rxe2 Rxe2 1-0

[Event "4NCL Division 2a"]
[Site "Telford, ENG"]
[Date "2019.02.10"]
[Round "6.43"]
[White "Drabble, Andrew"]
[Black "Villiers, Thomas"]
[Result "1/2-1/2"]
[WhiteElo "2068"]
[BlackElo "2245"]
[PlyCount "51"]
[EventDate "2019.02.10"]
[WhiteTeam "Bradford DCA Knights A"]
[BlackTeam "Barnet Knights 1"]

1. d4 Nf6 2. Nf3 e6 3. c4 b6 4. g3 Ba6 5. b3 Bb4+ 6. Bd2 Be7 7. Bg2 Bb7 8. Nc3
c5 9. d5 exd5 10. Nh4 Ne4 11. Nf5 O-O 12. Nxe7+ Qxe7 13. cxd5 Nxc3 14. Bxc3 d6
15. O-O Nd7 16. e4 Rfe8 17. Re1 f6 18. f4 b5 19. Qd2 b4 20. Bb2 a5 21. Re3 a4
22. Rae1 axb3 23. axb3 Ra2 24. Qc1 Qf7 25. Bh3 Nf8 26. Bg2 1/2-1/2

[Event "4NCL Division 2a"]
[Site "Telford, ENG"]
[Date "2019.02.10"]
[Round "6.44"]
[White "Brozel, Sacha"]
[Black "Jennings, Roger W"]
[Result "1-0"]
[WhiteElo "2230"]
[BlackElo "2026"]
[PlyCount "49"]
[EventDate "2019.02.10"]
[WhiteTeam "Barnet Knights 1"]
[BlackTeam "Bradford DCA Knights A"]

1. c4 g6 2. g3 Bg7 3. Bg2 Nf6 4. Nc3 O-O 5. d4 d6 6. Nf3 Nc6 7. O-O Bf5 8. Be3
Qd7 9. Rc1 Bh3 10. d5 Ne5 11. Nxe5 dxe5 12. Qb3 Bxg2 13. Kxg2 b6 14. f3 Nh5 15.
Rfd1 Kh8 16. c5 bxc5 17. Qb5 Qxb5 18. Nxb5 Rab8 19. Rxc5 a6 20. Nxc7 Rxb2 21.
Rd2 e4 22. Rxb2 exf3+ 23. Kxf3 Bxb2 24. Nxa6 Nf6 25. Nc7 1-0